Sacrae liturgiae praxis, juxta ritum romanum, in missae celebratione, officii recitatione et sacramentorum administratione servanda

Detalles Bibliográficos
Autor principal: Herdt, Jean Baptiste de m. 1883
Formato: Libro
Lenguaje:Latin
Publicado: Lovanii 1855
Edición:Editio tertia
Materias:
Colección:Banco de datos
Acervo:Biblioteca de la Congregación del Oratorio de San Felipe Neri de México. Iglesia La Profesa
Descripción Física:3 t. 20 cm.
Tema general:Liturgia
Notas:Encuadernación en piel sobre cartón. Sello en tinta del Oratorio de San Felipe Neri de México. Biblioteca La Profesa, D.F. Daños en la encuadernación
LEADER 01572nam a22002050004500
035 |a 2435 
041 0 |a lat 
100 1 |a Herdt, Jean Baptiste de  |d m. 1883 
245 1 0 |a Sacrae liturgiae praxis, juxta ritum romanum, in missae celebratione, officii recitatione et sacramentorum administratione servanda  |c cura P. J. B. de Herdt, Archidioecesis Mechliniensis presbyteri 
250 |a Editio tertia 
260 |a Lovanii  |b typis Vanlinthout et soc. Universitatis Catholicae typographorum  |c 1855 
300 |a 3 t.  |c 20 cm. 
500 |a Encuadernación en piel sobre cartón. Sello en tinta del Oratorio de San Felipe Neri de México. Biblioteca La Profesa, D.F. Daños en la encuadernación  
504 |a Índices de contenido y general 
505 0 0 |a t. 1 Complectens rubricas generalis missalis, et ritus servandos in celebratione missae privatae et solemnis.-- t. 2 Complectens prosecutionem partis II, de missa de requiem, de expositione ss. sacramenti, etc. etc. item sensum litteralem et mysticum rituum et caeremoniarum missae; partem III. De defectibus; et partem IV. De breviario.-- t. 3 Complectens partem V de proprio de tempore, de sanctis et de communi missalis et breviarii; ac partem VI de administratione sacramentorum, de exequiis, benedictionibus, processionibus aliisque in rituali seu pastorali praescriptis  
650 1 0 |a Liturgia 
949 |a Iglesia La Profesa, Biblioteca t. 1 (4604); t. 2 (4604); t. 3 (4604) 
942 |c PROFESA 
943 |g Biblioteca de la Congregación del Oratorio de San Felipe Neri de México. Iglesia La Profesa 
999 |c 949246  |d 949246